LEADER 01266cam0-22004091i-450- 001 990006831840403321 005 20111205094951.0 010 $a88-14-05576-9 035 $a000683184 035 $aFED01000683184 035 $a(Aleph)000683184FED01 035 $a000683184 100 $a20010426d1996----km-y0itay50------ba 101 0 $aita 102 $aIT 105 $ay-------001yy 200 1 $a<>segreto bancario$enorme civili, penali e fiscali$egli obblighi delle banche, limiti al dovere della riservatezza, gli illeciti tributari, antiriciclaggio, normativa vigente, orientamenti giurisprudenziali, formulario$fEnrico Gianfelici 210 $aMilano$cGiuffrè$d1996 215 $aXXIII, 337 p.$d24 cm 225 1 $aCosa & come$iBanca e borsa 225 1 $aBanca e borsa 676 $a346.45082 676 $a346.08$v20$zita 700 1$aGianfelici,$bEnrico$0114355 801 0$aIT$bUNINA$gRICA$2UNIMARC 901 $aBK 912 $a990006831840403321 952 $aDPR 23-685$b14986$fDEC 952 $aV B 190$b27743$fFSPBC 952 $aVIII L 361$b30230*$fFGBC 952 $a21-CB-566$b8577$fDDCP 959 $aDEC 959 $aFSPBC 959 $aFGBC 959 $aDDCP 996 $aSegreto bancario$963373 997 $aUNINA LEADER 00872nam0-22003131i-450- 001 990003150520403321 035 $a000315052 035 $aFED01000315052 035 $a(Aleph)000315052FED01 035 $a000315052 100 $a20000920d1956----km-y0itay50------ba 101 0 $aita 102 $aIT 200 1 $a<>Outline of the Economic History of England to 1952$fBy D.W. Roberts. 205 $aSixth Ed. 210 $aLondon$cLongmans$dGreen and Co.$d1956. 215 $aXII, 336 p.$d20 cm 610 0 $aGran Bretagna$aStoria economica 676 $aE/0 676 $aF/1.402 702 1$aRoberts,$bD.W. 801 0$aIT$bUNINA$gRICA$2UNIMARC 901 $aBK 912 $a990003150520403321 952 $aE/0 ROB$b012295$fSES 959 $aSES 996 $aOutline of the Economic History of England to 1952$9456316 997 $aUNINA DB $aING01 LEADER 00968nam a22002651i 4500 001 991000424999707536 005 20040828100258.0 008 040920s1996 it |||||||||||||||||ita 020 $a8815055657 035 $ab13218943-39ule_inst 035 $aARCHE-116518$9ExL 040 $aSet. Economia$bita$cA.t.i. Arché s.c.r.l. Pandora Sicilia s.r.l. 082 04$a381.0945 245 03$aLa distribuzione commerciale in Italia /$ca cura di Luca Pellegrini 260 $aBologna :$bIl mulino,$cc1996 300 $a344 p. ;$c22 cm 440 0$aStudi e ricerche ;$v371 650 4$aCommercio$zItalia 700 1 $aPellegrini, Luca 907 $a.b13218943$b02-04-14$c23-09-04 912 $a991000424999707536 945 $aLE025 ECO 381 PEL01.01$g1$i2025000157026$lle025$n2007$o-$pE20.00$q-$rl$s- $t0$u9$v4$w9$x0$y.i13875097$z23-09-04 996 $aDistribuzione commerciale in Italia$960098 997 $aUNISALENTO 998 $ale025$b23-09-04$cm$da $e-$fita$git $h3$i1